19 - 山梨県の自治体(Text) - Statistics

General Stats
  • This quiz has been taken 90 times
    18 since last reset
  • The average score is 20 of 27
Answers on the Map
Answers color-coded by a green-red scale on the quiz's map according to % correct below.
 
Answer Stats
市町村 % Correct
甲府こうふ
100%
富士吉田ふじよしだ
100%
みなみアルプス
100%
上野原うえのはら
92%
大月おおつき
92%
甲斐かい
92%
韮崎にらさき
92%
南巨摩みなみこまぐん 身延みのぶちょう
92%
山梨やまなし
92%
南巨摩みなみこまぐん 早川はやかわちょう
83%
南巨摩みなみこまぐん 富士川ふじかわちょう
83%
中央ちゅうおう
75%
都留つる
75%
笛吹ふえふき
75%
南都留みなみつるぐん 富士河口湖ふじかわぐちこまち
75%
北杜ほくと
75%
南都留みなみつるぐん 山中湖やまなかこむら
75%
西八代にしやつしろぐん 市川三郷いちかわみさとちょう
67%
南都留みなみつるぐん 忍野おしのむら
67%
甲州こうしゅう
67%
南巨摩みなみこまぐん 南部なんぶちょう
67%
中巨摩なかこまぐん 昭和しょうわちょう
58%
北都留きたつるぐん 小菅こすげむら
50%
北都留きたつるぐん 丹波山たばやまむら
50%
南都留みなみつるぐん 鳴沢なるさわむら
50%
南都留みなみつるぐん 西桂にしかつらちょう
50%
南都留みなみつるぐん 道志どうしむら
42%
No matching quizzes found
Score Distribution
Percent of People with Each Score
Percentile by Number Answered
Your Score History
You have not taken this quiz since the last reset